000 00405nam a2200181Ia 4500
005 20240823062639.0
008 240823s9999||||xx |||||||||||||| ||und||
041 _aENGLISH
082 _A620.105 N5
100 _aKazmi S M A
245 0 _aSolid Mechanics
250 _a1st
260 _c1995
_b"T.M.H.,New Delhi"
500 _aYES
650 _aSolids
_bMechanical
942 _cBK
999 _c236376
_d236376